000 01094nam a2200241 a 4500
001 000025018
003 AM-YEHGA
005 20250618070854.0
008 990516s1947 ai ||||gr|||||||||0|arm|d
040 _aAM-YeHGA
041 1 _aarm
100 0 _aՓավստոս Բյուզանդ,
_dV դ. (ծ. և մ. թթ. անհտ)
_92855
245 1 0 _aՀայոց պատմություն /
_cՓավստոս Բյուզանդ ; Թարգմ. և ծանոթագր.՝ Ստ. Մալխասյանց.
260 _aԵրևան :
_bՀայպետհրատ,
_c1947.
300 _a344 էջ ;
_c21 սմ.
440 0 _aՀայ պատմագիրների մատենաշար աշխարհաբար թարգմանությամբ
_vԳ. 4
504 _aԾանոթություններ, էջ՝ 307-344
650 1 4 _aՀայ ժողովրդի պատմություն
700 1 _aՄալխասյանց, Ստեփան Սարգսի,
_d1857-1947
_eթարգմ.
_4trl
_eծանոթագր.
_4cmm
_98793
856 4 1 _uhttps://arar.sci.am/dlibra/publication/390219/edition/360941/content
_yԿարդալ առցանց
942 _2udc
_cBK
090 _c10273
999 _c10198
_d10198